Sports Quiz

Random Sports or World Quiz

World Cup Scorers: Germany Quiz Stats

 Plays Quiz not verified by Sporcle

Challenge
Share
Tweet
Embed
Score 0/96 Timer 10:00
0 Plays Today
% Correct
Gerd Müller
99.2%
Gerd Müller
99.2%
Miroslav Klose
99.2%
Miroslav Klose
99.2%
Thomas Müller
99.2%
Miroslav Klose
99.2%
Dieter Müller
99%
Miroslav Klose
99%
Hansi Müller
98.8%
Thomas Müller
98.6%
Jürgen Klinsmann
93%
Jürgen Klinsmann
93%
Jürgen Klinsmann
93%
Mesut Özil
91.4%
Lukas Podolski
91.3%
Lukas Podolski
91.3%
Mario Götze
90.7%
Sami Khedira
90.7%
Lothar Matthäus
89.1%
Lothar Matthäus
89.1%
Lothar Matthäus
89.1%
Franz Beckenbauer
88.9%
Franz Beckenbauer
88.9%
Michael Ballack
88.3%
Philipp Lahm
88.3%
Mesut Özil
88.3%
Bastian Schweinsteiger
88.1%
Toni Kroos
87.9%
Rudi Völler
87.7%
Rudi Völler
87.7%
Rudi Völler
87.7%
Andre Schürrle
85.9%
% Correct
Karl-Heinz Rummenigge
85.3%
Karl-Heinz Rummenigge
85.3%
Karl-Heinz Rummenigge
85.3%
Sami Khedira
82.1%
Mats Hummels
82.1%
Oliver Bierhoff
79.3%
Oliver Bierhoff
79.3%
Andreas Brehme
77.9%
Andreas Brehme
77.9%
Uwe Seeler
75.9%
Uwe Seeler
75.9%
Uwe Seeler
75.9%
Uwe Seeler
75.9%
Paul Breitner
75%
Paul Breitner
75%
Oliver Neuville
74.8%
Oliver Neuville
74.8%
Helmut Rahn
73.8%
Helmut Rahn
73.8%
Fritz Walter
70%
Ottmar Walter
69.8%
Torsten Frings
69.6%
Pierre Littbarski
64.6%
Pierre Littbarski
64.6%
Bernd Schneider
64.2%
Uli Hoeneß
61%
Andreas Möller
60.8%
Carsten Jancker
60.2%
Karl-Heinz Riedle
58.3%
Arne Friedrich
57.3%
Wolfgang Overath
53.9%
Wolfgang Overath
53.9%
% Correct
Max Morlock
52.5%
Klaus Allofs
51.9%
Horst Hrubesch
51.5%
Jürgen Sparwasser
48.9%
Klaus Fischer
48.5%
Helmut Haller
45.7%
Cacau
45.7%
Marco Bode
44.3%
Thomas Linke
40.2%
Karl-Heinz Schnellinger
38.8%
Marcell Jansen
38%
Jürgen Grabowski
37.8%
Bernd Hölzenbein
37%
Uwe Bein
36.8%
Hans Schäfer
36.2%
Hans Schäfer
36.2%
Rainer Bonhof
35%
Wolfgang Weber
34.2%
Lothar Emmerich
26.8%
Joachim Streich
26.6%
Siegfried Held
26%
Reinhard Libuda
23.3%
Heinz Flohe
20.3%
Rüdiger Abramczik
15.7%
Uwe Reinders
11.7%
Bernhard Klodt
10.7%
Horst Szymaniak
10.5%
Alfred Pfaff
9.7%
Martin Hoffmann
8.9%
Richard Herrmann
8.7%
Albert Brülls
8.3%
Hans Cieslarczyk
5.8%

You're not logged in!

Compare scores with friends on all Sporcle quizzes.
Join for Free
OR
Log In

You Might Also Like...

Show Comments

Extras

Top Quizzes Today


Score Distribution

Your Account Isn't Verified!

In order to create a playlist on Sporcle, you need to verify the email address you used during registration. Go to your Sporcle Settings to finish the process.

Report this User

Report this user for behavior that violates our Community Guidelines.

Details: